Creative Japanese flower arrangement / (Record no. 135309)
[ view plain ]
| 000 -LEADER | |
|---|---|
| fixed length control field | 00600cam4a220019300 4500 |
| 001 - CONTROL NUMBER | |
| control field | qce02036899 |
| 005 - DATE AND TIME OF LATEST TRANSACTION | |
| control field | 20190822121940.0 |
| 008 - FIXED-LENGTH DATA ELEMENTS--GENERAL INFORMATION | |
| fixed length control field | 831006s1982 ja a 001 0 eng d |
| 035 ## - SYSTEM CONTROL NUMBER | |
| System control number | (Sirsi) r52329 |
| 035 ## - SYSTEM CONTROL NUMBER | |
| System control number | (QCAT)lss03897638 |
| 035 ## - SYSTEM CONTROL NUMBER | |
| System control number | (UPRA)qce02036899 |
| 040 ## - CATALOGING SOURCE | |
| Modifying agency | UPRA |
| 100 1# - MAIN ENTRY--PERSONAL NAME | |
| Personal name | Sparnon, Norman J. |
| Linkage | A10854.1 |
| 245 10 - TITLE STATEMENT | |
| Title | Creative Japanese flower arrangement / |
| Statement of responsibility, etc. | Norman Sparnon. |
| 260 ## - PUBLICATION, DISTRIBUTION, ETC. | |
| Place of publication, distribution, etc. | Tokyo, Japan : |
| Name of publisher, distributor, etc. | Shufunotomo Co., |
| Date of publication, distribution, etc. | 1982. |
| 650 #0 - SUBJECT ADDED ENTRY--TOPICAL TERM | |
| Topical term or geographic name entry element | Flower arrangement, Japanese. |
| Linkage | S7232.1 |
| 949 ## - LOCAL PROCESSING INFORMATION (OCLC) | |
| a | SB449 |
| w | lcc |
| i | 33729001917850 |
| m | MAIN |
| p | 2500 |
| t | BOOK |
| l | ON-SHELF |
No items available.